00473nam a2200193 a 4500001001300000003000900013005001700022008004100039020000900080082002100089100001800110245002500128260003800153300000900191500003500200505001000235650001600245700001800261nice12345678IN_TiNIC20260116012522.0050524s1982 luca grp 000 0 urd  ac5000a891.439108bKAK1 aKakorvi, Zaki aGhazal Encyclopaedia aLucknowbMarkaz-E-Adab Urduc1982 a647p aincludes index and biblioraphy2 aIndex aUrdu-Poetry1 aKakorvi, Zaki